World of Warcraft A-Z - Statistics

General Stats
  • This quiz has been taken 2,641 times
  • The average score is 17 of 26
Answer Stats
Letter Clue Answer % Correct
X nothing here so just type "xxx" xxx
89%
F The Lich King's weapon Frostmourne
88%
I Where the Lich King lives Icecrown
88%
O Capital of Durotar Orgrimmar
84%
C Brought you to 85 The Cataclysm
80%
W Once-humans of Gilneas Worgen
80%
J Ruler of Theramore Jaina Proudmoore
79%
R Most powerful of the Fire Elementals Ragnaros
78%
V King of Stormwind Varian Wyrnn
78%
D Also known as Neltharion Deathwing
77%
Y Had the Emerald Dream Ysera
72%
L Has now become the "Undercity" Lordaeron
69%
B Fought the Lich King (alliance) Bolvar
67%
Z Troll city in Stranglethorn Vale Zul'gurub
63%
E Draenei and Demons Eredar
61%
A The home world of the Burning Legion Argus
60%
K Another name for Night Elf Kal'dorei
57%
M The un-corrupted orcs Mag'har
56%
P Bear-like people of southern Azeroth Pandaren
56%
U City in northern Northrend Ulduar
55%
G One of the five Trade Princes Gallywix
53%
T Outer Space Twisting Nether
47%
Q The High Elves Quel'dorei
46%
S Predecessor of the High Elves Sin'dorei
36%
N Sparkling energy-beings Naaru
34%
H Servants of Queen Azshara Highborne
33%
No matching quizzes found
Score Distribution
Percent of People with Each Score
Percentile by Number Answered
Your Score History
You have not taken this quiz